00429nam a2200169Ia 4500003000400000005001700004008004100021020002200062040000700084041000800091082001500099100005000114245002600164260004000190300001600230365001300246OSt20230531093410.0210423s2013 xx 000 0 und d a978-81-7371-784-0 cAL aeng a158.7 BHAI aBHATTACHARYYA (Dipak);BHATTACHARYYA (Sutapa). aIndustrial psychology aNew DelhibUniversities Pressc2013 avii,320bPB b275cINR